Catálogo
Digital

Catálogo
Digital

Crimen, castigo violencias en mexico (Record no. 14272)

MARC details
000 -CABECERA
campo de control de longitud fija 01880nam a2200301 4500
003 - IDENTIFICADOR DEL NÚMERO DE CONTROL
campo de control EC-UNACH
005 - FECHA Y HORA DE LA ÚLTIMA TRANSACCIÓN
campo de control 20251211111033.0
006 - CÓDIGOS DE INFORMACIÓN DE LONGITUD FIJA--CARACTERÍSTICAS DEL MATERIAL ADICIONAL
campo de control de longitud fija s||||gr|||| 00| 00
008 - DATOS DE LONGITUD FIJA--INFORMACIÓN GENERAL
campo de control de longitud fija 150116t9999 mx r gr 000 0 spa d
020 ## - NÚMERO INTERNACIONAL ESTÁNDAR DEL LIBRO
Número Internacional Estándar del Libro 978-9978-67-155-9
040 ## - FUENTE DE LA CATALOGACIÓN
Centro catalogador/agencia de origen EC-UNACH
Centro/agencia transcriptor EC-UNACH
041 ## - CÓDIGO DE LENGUA
Código de lengua del texto/banda sonora o título independiente spa
082 04 - NÚMERO DE LA CLASIFICACIÓN DECIMAL DEWEY
Número de edición 23
Número de clasificación 321.8
Número de documento/Ítem L018439
110 ## - ENTRADA PRINCIPAL--NOMBRE DE ENTIDAD CORPORATIVA
Nombre de entidad corporativa o nombre de jurisdicción como elemento de entrada Flacso
245 ## - MENCIÓN DE TÍTULO
Título Crimen, castigo violencias en mexico
250 ## - MENCIÓN DE EDICIÓN
Mención de edición Primera edición
264 ## - Producción, publicación, distribución, fabricación y copyright
Lugar de producción, publicación, distribución, fabricación Ecuador
Nombre del de productor, editor, distribuidor, fabricante Flacso
Fecha de de producción, publicación, distribución, fabricación o copyright 2008
300 ## - DESCRIPCIÓN FÍSICA
Extensión 335
505 ## - NOTA DE CONTENIDO CON FORMATO
Nota de contenido con formato Prólogo, por Jenny Pontón C. -- Criminalidad y derechos humanos: I. Crimen y castigo en México. II. Derechos humanos en México -- Policías: I. Las debilidades de la fuerza pública de la ciudad de México. II. Imagen y autoimagen de la policía en la ciudad de México. III. Desde Tláhuac hacia la sociedad que queremos: notas para una agenda -- Cárceles: I. El sistema penitenciario mexicano. II. El deterioro de las condiciones de vida en las cárceles mexicanas -- Mujeres y justicia penal: I. Nuevas tendencias en la criminalidad femenina. Las mujeres en el sistema de justicia penal en México. III. Mujeres indígenas en prisión -- Género y violencias: I. Muertes por homicidio en la ciudad de México. II. La sinrazón de la violencia Homenaje a las mujeres muertas en la ciudad Juárez -- Infancia y violencia: I. Maltrato infantil. II. La explotación sexual de niños y niñas en México. III. La violencia en contra de niños y niñas. IV. El tráfico y la explotación sexual de niños y niñas en la frontera México-Estados Unidos. V. Los niños, niñas paisaje -- Bibliografía.,
650 ## - PUNTO DE ACCESO ADICIONAL DE MATERIA--TÉRMINO DE MATERIA
Término de materia o nombre geográfico como elemento inicial CRIMEN Y CASTIGO
650 ## - PUNTO DE ACCESO ADICIONAL DE MATERIA--TÉRMINO DE MATERIA
Término de materia o nombre geográfico como elemento inicial DERECHOS HUMANOS
650 ## - PUNTO DE ACCESO ADICIONAL DE MATERIA--TÉRMINO DE MATERIA
Término de materia o nombre geográfico como elemento inicial EL SISTEMA PENITENCIARIO
700 ## - PUNTO DE ACCESO ADICIONAL--NOMBRE DE PERSONA
Nombre de persona Elena Azaola
942 ## - ELEMENTOS DE PUNTO DE ACCESO ADICIONAL (KOHA)
Fuente del sistema de clasificación o colocación Clasificación Decimal Dewey
Tipo de ítem Koha Libros
999 ## - NÚMEROS DE CONTROL DE SISTEMA (KOHA)
Koha biblionumber 14272
Holdings
Estado de pérdida Fuente del sistema de clasificación o colocación Estado dañado No para préstamo Localización permanente Ubicación/localización actual Ubicación en estantería Fecha de adquisición Fuente de adquisición Número de inventario Total de préstamos Signatura topográfica completa Código de barras Fecha visto por última vez Precio válido a partir de Tipo de ítem Koha Centro de costos
  Clasificación Decimal Dewey     Biblioteca Campus Norte Biblioteca Campus Norte Facultad de Ciencias Políticas y Administrativas - Generalidades 11/12/2025 Transitoria segunda Resolución N°0311-CU-UNACH-SE-ORD-16-09-24 39933008   321.8 AZA L018439 L018439 11/12/2025 11/12/2025 Libros  

Powered by Koha